| 000 | 00404nam a2200145 a 4500 | ||
|---|---|---|---|
| 001 | 000029304 | ||
| 005 | 20200930055449.0 | ||
| 008 | 110414s1979 dr 000 0 spa d | ||
| 040 |
_aDO-SdBNP _bspa _cBNPHU |
||
| 082 |
_axxx _bR337b |
||
| 245 | 0 | 1 | _aReglamento de la biblioteca del Banco de Reservas. |
| 260 |
_aSanto Domingo : _b[Banco de Reservas], _c1979. |
||
| 300 |
_a10 p. ; _c21 cm. |
||
| 049 | _aBNPD | ||
| 999 |
_c28796 _d28796 |
||